駅名に「京都」を含む駅 - Statistics

General Stats
  • This quiz has been taken 206 times
  • The average score is 3 of 6
Answer Stats
Answer % Correct
京都
100%
京都河原町
73%
梅小路京都西
71%
京都市役所前
54%
京都精華大前
23%
茶山・京都芸術大学
14%
No matching quizzes found
Score Distribution
Percent of People with Each Score
Percentile by Number Answered
Your Score History
You have not taken this quiz